000 00416nam a2200181Ia 4500
005 20250603145352.0
008 250603s9999 xx 000 0 und d
020 _a9781032772189
050 _aTK 3105 .M53/
100 _aEdited by Amit Kumar Pandey et.al.
245 0 _aMicrogrid
260 _aBoca Raton
260 _bCRC Press
260 _c2024
300 _a303 p
650 _aBoca Raton
942 _cBK
999 _c41660
_d41660